Egy városi tisztviselő tragikus öngyilkossága
Elmentve itt :
| Dokumentumtípus: | Cikk |
|---|---|
| Megjelent: |
1939-01-25
|
| Sorozat: | Délmagyarország
15 No. 20 |
| Kulcsszavak: | Jászhegyi-Jambrik István, Haláleset |
| Online Access: | http://dmarchiv.bibl.u-szeged.hu/40855 |
| LEADER | 00442nab a2200145 i 4500 | ||
|---|---|---|---|
| 001 | delm40855 | ||
| 005 | 20180927130023.0 | ||
| 008 | 180927s1939 hu o 0|| hun d | ||
| 040 | |a SZTE Délmagyarország Archívum |b hun | ||
| 041 | |a hun | ||
| 245 | 0 | 0 | |a Egy városi tisztviselő tragikus öngyilkossága |h [elektronikus dokumentum] |
| 260 | |c 1939-01-25 | ||
| 300 | |a 5 | ||
| 490 | 0 | |a Délmagyarország |v 15 No. 20 | |
| 695 | |a Jászhegyi-Jambrik István, Haláleset | ||